Pokémon Sword + Shield - Isle of Armor Pokédex - Statistics

General Stats
  • This quiz has been taken 121 times
  • The average score is 151 of 211
Answer Stats
# Pokemon % Correct
002 Slowbro
94%
003 Slowking
94%
001 Slowpoke
92%
085 Pikachu
87%
086 Raichu
87%
012 Jigglypuff
85%
100 Kubfu
85%
084 Pichu
85%
101 Urshifu
85%
013 Wigglytuff
85%
031 Abra
83%
111 Carvanha
83%
206 Exeggutor
83%
043 Gyarados
83%
011 Igglybuff
83%
032 Kadabra
83%
042 Magikarp
83%
112 Sharpedo
83%
065 Accelgor
81%
033 Alakazam
81%
068 Bulbasaur
81%
067 Escavalier
81%
205 Exeggcute
81%
121 Heracross
81%
069 Ivysaur
81%
066 Karrablast
81%
142 Poliwag
81%
143 Poliwhirl
81%
144 Poliwrath
81%
064 Shelmet
81%
071 Squirtle
81%
070 Venusaur
81%
072 Wartortle
81%
053 Bouffalant
79%
203 Combee
79%
039 Kingler
79%
038 Krabby
79%
163 Mienfoo
79%
120 Pinsir
79%
099 Starmie
79%
098 Staryu
79%
116 Tauros
79%
204 Vespiquen
79%
190 Wailmer
79%
191 Wailord
79%
078 Amoongus
77%
073 Blastoise
77%
008 Blissey
77%
155 Boldore
77%
004 Buneary
77%
007 Chansey
77%
170 Cubone
77%
102 Emolga
77%
077 Foongus
77%
156 Gigalith
77%
006 Happiny
77%
005 Lopunny
77%
026 Luxio
77%
027 Luxray
77%
105 Magnemite
77%
106 Magneton
77%
107 Magnezone
77%
171 Marowak
77%
164 Mienshao
77%
145 Politoed
77%
059 Quagsire
77%
154 Roggenrola
77%
119 Scizor
77%
118 Scyther
77%
025 Shinx
77%
153 Skarmory
77%
058 Wooper
77%
091 Corphish
75%
092 Crawdaunt
75%
207 Ditto
75%
195 Dragalge
75%
023 Fletchinder
75%
022 Fletchling
75%
202 Lilligant
75%
117 Miltank
75%
045 Octillery
75%
201 Petilil
75%
044 Remoraid
75%
184 Rhydon
75%
183 Rhyhorn
75%
185 Rhyperior
75%
076 Scolipede
75%
194 Skrelp
75%
152 Swoobat
75%
024 Talonflame
75%
074 Venipede
75%
151 Woobat
75%
211 Zarude
75%
063 Druddigon
73%
062 Goodra
73%
060 Goomy
73%
198 Horsea
73%
172 Kangaskhan
73%
200 Kingdra
73%
158 Lycanroc
73%
208 Porygon
73%
209 Porygon2
73%
157 Rockruff
73%
168 Sandshrew
73%
169 Sandslash
73%
199 Seadra
73%
061 Sliggoo
73%
056 Chewtle
71%
196 Clauncher
71%
197 Clawitzer
71%
103 Dedenne
71%
057 Drednaw
71%
147 Golduck
71%
114 Herdier
71%
113 Lillipup
71%
049 Pelipper
71%
210 Porygon-Z
71%
146 Psyduck
71%
115 Stoutland
71%
040 Tentacool
71%
041 Tentacruel
71%
075 Whirlipede
71%
048 Wingull
71%
088 Zoroark
71%
087 Zorua
71%
021 Appletun
69%
019 Applin
69%
141 Azumarill
69%
139 Azurill
69%
020 Flapple
69%
017 Fomantis
69%
094 Goldeen
69%
177 Krokorok
69%
178 Krookodile
69%
018 Lurantis
69%
047 Mantine
69%
046 Mantyke
69%
140 Marill
69%
134 Palossand
69%
176 Sandile
69%
133 Sandygast
69%
095 Seaking
69%
080 Tangela
69%
081 Tangrowth
69%
096 Arrokuda
67%
097 Barraskewda
67%
180 Braviary
67%
079 Comfey
67%
010 Greedent
67%
186 Larvesta
67%
055 Lickilicky
67%
054 Lickitung
67%
179 Rufflet
67%
131 Shellder
67%
009 Skwovet
67%
187 Volcarona
67%
137 Barboach
65%
132 Cloyster
65%
051 Drapion
65%
037 Gallade
65%
036 Gardevoir
65%
166 Hakamo-o
65%
165 Jangmo-o
65%
035 Kirlia
65%
167 Kommo-o
65%
182 Mandibuzz
65%
089 Oranguru
65%
090 Passimian
65%
034 Ralts
65%
050 Skorupi
65%
181 Vullaby
65%
138 Whiscash
65%
093 Cramorant
63%
052 Dunsparce
63%
150 Exploud
63%
192 Frillish
63%
193 Jellicent
63%
028 Klefki
63%
149 Loudred
63%
127 Mareanie
63%
104 Morpeko
63%
159 Salandit
63%
160 Salazzle
63%
173 Torkoal
63%
128 Toxapex
63%
148 Whismur
62%
129 Clobbopus
60%
082 Croagunk
60%
125 Golisopod
60%
130 Grapploct
60%
083 Toxicroak
60%
124 Wimpod
60%
014 Blipbug
58%
015 Dottler
58%
016 Orbeetle
58%
162 Scrafty
58%
161 Scraggy
58%
030 Bisharp
54%
123 Crustle
54%
122 Dwebble
54%
029 Pawniard
54%
110 Wishiwashi
54%
136 Drifblim
50%
135 Drifloon
50%
126 Pincurchin
50%
188 Chinchou
48%
108 Inkay
48%
189 Lanturn
48%
109 Malamar
48%
175 Sandaconda
48%
174 Silicobra
48%
No matching quizzes found
Score Distribution
Percent of People with Each Score
Percentile by Number Answered
Your Score History
You have not taken this quiz